Programování pro samočinné počítače /

Gespeichert in:
Bibliographische Detailangaben
1. Verfasser: Raichl, Jiří (Verfasst von)
Format: Buch
Sprache:Tschechisch
Veröffentlicht: Praha : Academia, 1972
Ausgabe:1.vyd.
Schlagworte:
Tags: Tag hinzufügen
Keine Tags, Fügen Sie das erste Tag hinzu!

MARC

LEADER 00000nam a22000003a 4500
001 stu41253
005 20150617225722.3
008 931117s1972----cs------------------cze-d
040 |a STU  |b slo 
041 0 |a cze 
044 |a cs 
080 |a 519.68/.682  |7 A0000005101 
100 1 |a Raichl, Jiří  |4 aut 
245 1 |a Programování pro samočinné počítače /  |c [aut.]Jiří Raichl 
250 |a 1.vyd. 
260 |a Praha :  |b Academia,  |c 1972 
300 |a 297 s 
650 7 |a programovanie  |2 stusub 
650 7 |a Jazyky programovacie formálne  |2 stusub 
996 |b 284M045643  |c M*1111-1  |l MMKN  |s A  |a 24  |w stu41253_0001